Statistics for Geography General Knowledge #1

Click here to take the quiz!

General Stats

  • This quiz has been taken 119,789 times
    (19,988 since last reset)
  • The average score is 12 of 20

Answer Stats

QuestionAnswer% Correct
What is the largest desert in Africa?Sahara
94%
What is the highest mountain in Japan?Mount Fuji
89%
What is the national animal of the United States? (be specific)Bald Eagle
84%
What country borders only China and Russia?Mongolia
83%
What is the tallest mountain in Africa?Mount Kilimanjaro
79%
What well-known dance form originated in Argentina and Uruguay?Tango
75%
By volume of water, what is the largest lake in Scotland?Loch Ness
72%
On what sea is the Russian city of Sochi located?Black Sea
68%
What country's national rugby union team are known as the Springboks?South Africa
66%
What is the southernmost national capital city?Wellington
64%
What is the tallest waterfall in the world?Angel Falls
59%
What island is shared by Haiti and the Dominican Republic?Hispaniola
57%
What Italian region has its capital in Florence?Tuscany
54%
What is the name of the Dutch-speaking region of Belgium?Flanders
53%
In what country would you find the greatest number of Coptic Christians?Egypt
46%
What major city in India is located about 60 km away from Bangladesh?Kolkata
45%
On what peninsula would you find Cabo San Lucas?Baja California
42%
On what island did dodo birds live (before going extinct)?Mauritius
41%
What "line" divides the northern and southern U.S. states?Mason-Dixon Line
35%
What is Rome's only sister city?Paris
33%

Score Distribution

Percentile by Number Answered

Percent of People with Each Score

Your Score History

You have not taken this quiz since the last reset